| 000 | 00923nam a2200277 i 4500 | ||
|---|---|---|---|
| 001 | bg | ||
| 003 | BPK | ||
| 005 | 20220905095254.0 | ||
| 008 | 081120s1959 pl a f f |000 0 pol | ||
| 015 | _aPB 1959/4812 | ||
| 040 |
_aWA N _cBPK |
||
| 080 | _a620.1 | ||
| 080 | _a539.4 | ||
| 080 | _a(075.8) | ||
| 100 | 1 |
_aKurowski, Rajnold _d(1889-1953) _eAutor |
|
| 245 | 1 | 0 |
_aWytrzymałość materiałów / _cR. Kurowski, M. E. Niezgodziński. |
| 250 | _aWyd. 4 popr. i uzup. | ||
| 260 |
_aWarszawa : _bPaństwowe Wydawnictwo Naukowe, _c1959. |
||
| 300 |
_a503, [2] s., [1] k. tabl. : _bil. ; _c25 cm. |
||
| 504 | _aBibliogr. | ||
| 655 | 4 | _aPodręczniki akademickie | |
| 650 | 4 | _aWytrzymałość materiałów | |
| 700 | 1 |
_aNiezgodziński, Michał Edward _d(1919-2010) _eAutor |
|
| 856 |
_uhttp://koha.tu.koszalin.pl/cgi-bin/koha/opac-detail.pl?biblionumber=4865 _yKatalog online BPK |
||
| 942 |
_2UKD _cKS |
||
| 999 |
_c4865 _d4865 |
||